| 000 | 00498nam a2200169 a 4500 | ||
|---|---|---|---|
| 001 | 000042824 | ||
| 005 | 20201002040426.0 | ||
| 008 | 140210s1974 ag 000 0 spa d | ||
| 040 |
_aDO-SdBNP _bspa _cBNPHU |
||
| 100 | 1 |
_aTerragno, Rodolfo H. _970187 |
|
| 245 | 1 | 4 |
_aLos 400 días de Perón / _cRodolfo H. Terragno. |
| 250 | _a2a. ed. | ||
| 260 |
_aBuenos Aires, Argentina : _bEdiciones de La Flor, _c1974. |
||
| 300 |
_a211 p. ; _c20 cm. |
||
| 490 | 1 | _aCuestionario | |
| 830 | 0 |
_aCuestionario _970188 |
|
| 999 |
_c42313 _d42313 |
||